000 01702cab a2200373 4500
001 ABS47155
008 090401t1992 xxu||||| |||| 00| 0 eng d
035 _a(Sirsi) u60943
041 _aeng
100 _aWilliams, J.
245 _aLocal authority and development areas
260 _c1992
350 _a0
490 _aConstruction News
_v(6281) 10 September 1992 22-27(6)
520 _aExamines issues facing regeneration agencies and local authorities. Analyses government supported grant initiative schemes ranging from enterprise zones to City Challenge, and looks at how two winners of the 1991 City Challenge competition have gained from the scheme. Other features include a look at how housing associations and private contractors are working together to provide new social housing requirements as part of the trend away from traditional local authority housing policy, local authority road building programmes and the future of Direct Labour Organisations within local government. Concludes with addresses of useful contracts for finding information on local schemes and grants available.
650 _aACTION FOR CITIES
650 _aCITY ACTION TRUST
650 _aCITY CHALLENGE
650 _aCITY GRANT
650 _aDERELICT LAND GRANTS
650 _aDIRECT LABOUR ORGANISAITONS
650 _aENTERPRISE ZONES
650 _aHOUSING ASSOCIATIONS
650 _aPRIVATE HOUSEBUILDERS
650 _aROAD BUILDING
650 _aSOCIAL HOUSING
650 _aTRANSPORT POLICY
650 _aURBAN DEVELOPMENT CORPORATIONS
650 _aURBAN PROGRAMME
650 _aURBAN REGENERATION AGENCY
690 _aURBAN RENEWAL
942 _n0
948 _c04/03/1997
999 _c37682
_d37682